00462nam a2200145 a 4500008004100000020001500041041000800056100002400064245005700088250001100145260003500156300001100191500009300202653002100295110906s1997 xxua f |||| 001 0 eng d a0878931198 aeng1 aCooper, Geoffrey M. 4aThe cell. A molecular approach /cGeoffrey M. Cooper a1a ed. aWashington:bASM Press;c1997. a620 p. aCooper, G. M. (1997). The cell. A molecular approach. (1st ed.). Washintong : ASM Press. aBiologia celular